000 00500nam a2200193 a 4500
003 OSt
005 20141203155003.0
008 061030s2005 esp| /// /||| ||spa/
020 _a84-321-3550-X
040 _cBMC
082 _a864
100 1 _910418
_aSuárez, Federico
_d1917-2005
245 1 0 _aEnsayos moderadamente polémicos
_cFederico Suárez
260 _aMadrid
_bRialp
_c2005
300 _a266 p.
_c20 cm
490 _aVértice
650 2 4 _928248
_aEnsayos españoles
942 _2ddc
_cBK
999 _c15660
_d15660